00686nam a22002177a 45000010005000000030006000050050017000110080041000280200018000690400029000870500012001160820011001281000031001392450035001702600044002053000056002495050008003055200122003135210009004356500024004449892FISKH20260312105320.0260312b cb ||||| |||| 00| 0 eng d a9781617418402 aFISKHbengcFISKHdFISKH aQA445.5 a516.15 aReasoner, Charles eAuthor aShapes! /cby Charles Reasoner aGuangdong : bRourke Publishing ,c2011 a8 unnumbered pages : bcolor illustrations ;c19 cm aNP  aAbundant bright colors and playful illustrations, photographs, and text combine to teach young children about shapes.8 aNP  aBoard bookvShapes